00531nam a22001697a 450000500170000001000150001702000260003203500140005803700130007208200100008510000170009524500780011226000470019027000820023730000200031970000220033920190715142655.0 aENG-125917 a9789388322119c399.00 aEN-109449 bDBAD/PUB a658.3 aLal, Shalini aThe secret life of organizations /cby Shalini lal [and] Pradnya Parasher aGurugrambHachette Books Publishing c2019 a4th and 5th Floor, Corporate Centre, Plot No.-94, Sector 44bGurugrame122003 a216p.c20cm(Hb) aParasher, Pradnya